Luc Tuymans / (Record no. 850)
[ view plain ]
| 000 -LEADER | |
|---|---|
| fixed length control field | 02337cam a22003618a 4500 |
| 005 - DATE AND TIME OF LATEST TRANSACTION | |
| control field | 20260322212036.0 |
| 008 - FIXED-LENGTH DATA ELEMENTS--GENERAL INFORMATION | |
| fixed length control field | data |
| 010 ## - LIBRARY OF CONGRESS CONTROL NUMBER | |
| LC control number | 2009021456 |
| 020 ## - INTERNATIONAL STANDARD BOOK NUMBER | |
| International Standard Book Number | 9781933045986 (hardcover) |
| 020 ## - INTERNATIONAL STANDARD BOOK NUMBER | |
| International Standard Book Number | 9780918471826 (pbk.) |
| 020 ## - INTERNATIONAL STANDARD BOOK NUMBER | |
| International Standard Book Number | 0918471826 |
| 040 ## - CATALOGING SOURCE | |
| Original cataloging agency | DLC |
| Transcribing agency | DLC |
| Modifying agency | DLC |
| 050 00 - LIBRARY OF CONGRESS CALL NUMBER | |
| Classification number | ND673.T85 |
| Item number | A4 2009 |
| 092 ## - LOCALLY ASSIGNED DEWEY CALL NUMBER (OCLC) | |
| Classification number | 759.93 T85 2009 |
| 001 - CONTROL NUMBER | |
| control field | data |
| 245 00 - TITLE STATEMENT | |
| Title | Luc Tuymans / |
| Statement of responsibility, etc. | edited by Luc Tuymans ... [et al.]. |
| 250 ## - EDITION STATEMENT | |
| Edition statement | Hardcover ed. |
| 260 ## - PUBLICATION, DISTRIBUTION, ETC. | |
| Place of publication, distribution, etc. | New York : |
| Name of publisher, distributor, etc. | In association with D.A.P./Distributed Art Publishers, |
| Place of publication, distribution, etc. | New York : |
| Name of publisher, distributor, etc. | In association with D.A.P./Distributed Art Publishers, |
| Date of publication, distribution, etc. | 2009. |
| 300 ## - PHYSICAL DESCRIPTION | |
| Extent | 228 p. : |
| Other physical details | col. ill. ; |
| Dimensions | 30 cm. |
| 500 ## - GENERAL NOTE | |
| General note | Published on the occasion of an exhibition held at Wexner Center for the Arts, Columbus, Ohio and four other institutions between Sept. 17, 2009 and May 8, 2011. |
| 500 ## - GENERAL NOTE | |
| General note | Catalog produced by the San Francisco Museum of Modern Art. |
| 504 ## - BIBLIOGRAPHY, ETC. NOTE | |
| Bibliography, etc. note | Includes bibliographical references and index. |
| 505 0# - FORMATTED CONTENTS NOTE | |
| Formatted contents note | Directors' foreword / Neal Benezra and Sherri Geldin -- Lenders to the exhibition -- Introduction and acknowledgments / by Madeleine Grynsztejn and Helen Molesworth -- Luc Tuymans : painting the banality of evil / by Helen Molesworth -- Monstrance / by Joseph Leo Koerner -- Luc Tuymans : inside the box / by Ralph Rugoff -- Tuymans, cinema, Belgium : a note / by Bill Horrigan -- Plates / with texts by Alison Gass (A.G.), Prudence Peiffer (P.P.), Joshua Shirkey ( J.S.), and Lanka Tattersall (L.T.) -- Catalogue of the exhibition -- Chronology and selected exhibition history -- Selected bibliography -- Index. |
| 600 10 - SUBJECT ADDED ENTRY--PERSONAL NAME | |
| Personal name | Tuymans, Luc, |
| Dates associated with a name | 1958- |
| Form subdivision | Exhibitions. |
| 700 1# - ADDED ENTRY--PERSONAL NAME | |
| Personal name | Tuymans, Luc, |
| Dates associated with a name | 1958- |
| 700 1# - ADDED ENTRY--PERSONAL NAME | |
| Personal name | Grynsztejn, Madeleine. |
| 700 1# - ADDED ENTRY--PERSONAL NAME | |
| Personal name | Molesworth, Helen Anne. |
| 710 2# - ADDED ENTRY--CORPORATE NAME | |
| Corporate name or jurisdiction name as entry element | San Francisco Museum of Modern Art. |
| 710 2# - ADDED ENTRY--CORPORATE NAME | |
| Corporate name or jurisdiction name as entry element | Wexner Center for the Arts. |
| 906 ## - LOCAL DATA ELEMENT F, LDF (RLIN) | |
| a | 7 |
| b | cbc |
| c | orignew |
| d | 1 |
| e | ecip |
| f | 20 |
| g | y-gencatlg |
| 925 0# - | |
| -- | acquire |
| -- | 2 shelf copies |
| -- | policy default |
| 955 ## - COPY-LEVEL INFORMATION (RLIN) | |
| -- | rc15 2009-05-22 to SL |
| -- | rc09 2009-05-22 ; to Dewey 2009-05-22 |
| -- | rc02 2010-02-25 CIP VER to BCCD |
| -- | xg21 2010-03-18 copy 2 added |
| Withdrawn status | Lost status | Damaged status | Not for loan | Home library | Current library | Shelving location | Date acquired | Total checkouts | Full call number | Barcode | Date last seen | Price effective from | Koha item type |
|---|---|---|---|---|---|---|---|---|---|---|---|---|---|
| Centerville | Centerville | General stacks | 22/03/2026 | ND673.T85 A4 2009 | BC0010875 | 22/03/2026 | 22/03/2026 | Books |